| 000 | 02845nam a2200265 4500 | ||
|---|---|---|---|
| 003 | NALT | ||
| 005 | 20260206105437.0 | ||
| 008 | 260203b th ||||| |||| 00| 0 tha d | ||
| 020 | _a9786166039696 | ||
| 040 | _aNALT | ||
| 090 |
_aKS 39 _bศ491ห 2566 |
||
| 100 | 0 |
_aศิริศักดิ์ จึงถาวรรณ. _967359 |
|
| 245 | 1 | 0 |
_aคำอธิบายกฎหมายลักษณะเช่าทรัพย์ เช่าซื้อ (แก้ไขเพิ่มเติม ครั้งที่ 1) = _bLaw of hire of property, hire purchase (First amendment) / _cศิริศักดิ์ จึงถาวรรณ. |
| 250 | _aพิมพ์ครั้งที่ 1. | ||
| 260 |
_aชลบุรี : _bบางแสนการพิมพ์ฃ, _c2566. |
||
| 300 |
_a378 หน้า : _bตาราง ; _c29 ซม. |
||
| 505 | 2 | _a่บทที่ 1 สัญญาเช่าทรัพย์ -- บทที่ 2 คำมั่นจให้เช่า -- บทที่ 3 หลักเกณฑ์การทำสัญญาเช่า -- บทที่ 4 สัญญาต่างตอบแทนพิเศษยิ่งกว่าสัญญาเช่าธรรมดา -- บทที่ 5 บุคคลหลายคนอ้างสิทธิตามสัญญาเช่าต่างรายในทรัพย์สินที่เช่าเดียวกัน -- บทที่ 6 หน้าที่และความรับผิดของผู้ให้เช่าและผู้เช่า -- บทที่ 7 ความระงับของสัญญาเช่า -- บทที่ 8 อายุความเกี่ยวกับสัญญาเช่า -- บทที่ 9 สัญญาเช่าซื้อ -- บทที่ 10 แบบของสัญญาเช่าซื้อ -- บทที่ 11 ผลของสัญญาเช่าซื้อ -- บทที่ 12 หน้าที่และความรับผิดของผู้ให้เช่าซื้อและผู้เช่าซื้อ -- บทที่ 13 ความระงับของสัญญาเช่าซื้อ -- บทที่ 14 อายุความเกี่ยวกับสัญญาเช่าซื้อ. | |
| 650 | 4 |
_aกฎหมายแพ่งและพาณิชย์ _xเช่าทรัพย์ _929094 |
|
| 650 | 4 |
_aกฎหมายแพ่งและพาณิชย์ _xเช่าซื้อ _929095 |
|
| 942 |
_2local _cLB |
||
| 996 |
_ajidapa.t _bACQSTF _c2026-02-03 |
||
| 996 |
_avaree.k _bLIBSTF _c2026-02-04 |
||
| 996 |
_asaiphon.d _bCATSTF _c2026-02-06 |
||
| 999 |
_c107724 _d107724 |
||
| 998 |
_j104 _k นางสาวสายฝน ดีงาม |
||